000 00546pam a2200217 a 4500
001 4786253
005 20180109073833.0
008 870615s1988 pauaf b 001 0 eng
010 _a 87016512
020 _a0030089123
040 _aDLC
_cDLC
_dDLC
041 _aeng
080 _a551.7
082 0 0 _a551.7 LEV
_219
100 1 _a42
101 _aGJEO
245 1 4 _aThe earth through time /
_cHarold L. Levin.
504 _aIncludes bibliographies and index.
906 _a7
_bcbc
_corignew
_d1
_eocip
_f19
_gy-gencatlg
942 _2ddc
_cBK
999 _c39918
_d39918